| 000 | 00409nam a2200133Ia 4500 | ||
|---|---|---|---|
| 008 | 170221s9999 xx 000 0 und d | ||
| 245 | _aComparison & Magnitude Credibility: Whom to Trust When Reports are Conflicting? | ||
| 260 | _bThe Open Communication Journal | ||
| 260 | _c2014 | ||
| 300 | _a8 : | ||
| 650 | _xCommunication | ||
| 650 | _xMedia Arts | ||
| 856 | _uhttps://benthamopen.com/TOCOMMJ/VOLUME/8/ | ||
| 999 |
_c307152 _d307152 |
||